Missing Word: #1 Hits of 1960 Quiz Stats

 Plays Quiz Updated May 18, 2017

Support Sporcle.
Go Orange.
Score 0/14 Timer 03:00
0 Plays Today
Song Missing Word % Correct
It's ____ or NeverNow
97.7%
Stuck on _____You
95.8%
Save the Last _____ for MeDance
94.9%
Itsy Bitsy Teenie Weenie _____ Polkadot BikiniYellow
91.3%
___ PasoEl
90.9%
My Heart Has a _____ of Its OwnMind
87.7%
I _____ to Be WantedWant
87.3%
Song Missing Word % Correct
___ SorryI'm
82.4%
Are You _____ Tonight?Lonesome
80.8%
_____ on My MindGeorgia
80.5%
_____-OopAlley
58.2%
Teen _____Angel
56.9%
_____ from a Summer PlaceTheme
44.9%
Everybody's Somebody's _____Fool
38.1%

Today's Daily Dose

You're not logged in!

Compare scores with friends on all Sporcle quizzes.
OR
Log In

From the Vault

World Leaders: Multiple Choice VI

by Thebiguglyalien

Voting is just a high-stakes multiple choice quiz.
Remove Ads.
Support Sporcle.
Get the best of Sporcle when you Go Orange. This ad-free experience offers more features, more stats, and more fun while also helping to support Sporcle. Thank you for becoming a member.

Show Comments

Extras

Top Quizzes Today


Score Distribution

Your Account Isn't Verified!

In order to create a playlist on Sporcle, you need to verify the email address you used during registration. Go to your Sporcle Settings to finish the process.

Report this User

Report this user for behavior that violates our Community Guidelines.

Details: